| 000 | 00631nam a22002177a 4500 | ||
|---|---|---|---|
| 999 |
_c15970 _d15970 |
||
| 003 | AR-CdUCM | ||
| 008 | 190430b ||||| |||| 00| 0 spa d | ||
| 040 |
_aMUNICIPALIDAD PROVINCIAL DEL CUSCO _cBIBLIOTECA MUNICIPAL DEL CUSCO |
||
| 082 |
_a100 / _bD61 |
||
| 100 |
_aDescartes, Renato _935226 |
||
| 245 | _aLas pasiones / | ||
| 260 |
_aBuenos Aires : _bTor, |
||
| 300 |
_a160 paginas ; _c18 cm. |
||
| 505 | _aContenido :Filosofia | ||
| 650 |
_aFilosofia _9395 |
||
| 650 |
_aDescartes _935227 |
||
| 650 |
_aPasiones _935228 |
||
| 700 |
_aNatal, Rufino (Traducción) _935229 |
||
| 942 |
_2ddc _cLIBROS |
||
| 945 |
_awnts _d2019-04-30 |
||